| 000 | 00738nam a2200205 i 4500 | ||
|---|---|---|---|
| 001 | 28399 | ||
| 003 | ES-MaACL | ||
| 005 | 20250815000203.0 | ||
| 007 | t| | ||
| 008 | 030117s1927 fr ||||1| fre d | ||
| 100 | 1 |
_aBainville, Jacques, _d1879-1936 _924735 |
|
| 245 | 1 | 2 |
_aL'Allemagne romantique et réaliste _b: Luis II de Baviére... / _cJacques Bainville. |
| 250 | _aEd. définitive avec un index des noms cités. | ||
| 260 |
_aParis : _bArthème Fayard et Cie, _c1927 ( _eEvreux : _fCh. Herissey) |
||
| 300 |
_a543 p. ; _c23 cm. |
||
| 490 | 1 | _aLes ecrivains de la Renaissance Française | |
| 830 | 0 |
_aLes ecrivains de la Renaissance Française _9229263 |
|
| 852 |
_aES-MaACL _jA-4333 |
||
| 999 |
_c28399 _d28399 |
||